| 000 | 00682nam a22002417a 4500 | ||
|---|---|---|---|
| 003 | IT-MiCISF | ||
| 005 | 20210212150940.0 | ||
| 008 | 210212b ||||| |||| 00| 0 eng d | ||
| 040 | _cIT-MiCISF | ||
| 041 | _ait | ||
| 100 |
_aDel Giudice Roberta, Luzzatto Leonardo _958828 |
||
| 210 | _aMinori giustizia | ||
| 222 | _a11212845 | ||
| 245 | _aLa psicoterapia prescritta dal giudice. Dialogo tra un magistrato e uno psicoterapeuta | ||
| 260 | _c2020 | ||
| 300 | _app. 181-195 | ||
| 310 | _atrimestrale | ||
| 362 | _an. 1 | ||
| 500 | _aterapia, famiglia-a-rischio, tribunale-minorenni, operatori | ||
| 650 |
_aterapia _956160 |
||
| 654 | _adossier | ||
| 942 |
_2ddc _cCR |
||
| 999 |
_c359207 _d359207 |
||